[Event "SC Gerthe - Werne 1 - SV Erkenschwick 2"]
[Site "Verbandsliga - Gruppe 1 2021/"]
[Date "2021.11.14"]
[Round "2.3"]
[White "Trzaska, Peter"]
[Black "Kalle, Yannis"]
[Result "1-0"]
[WhiteElo "2038"]
[BlackElo "1807"]
[PlyCount "75"]
[EventDate "2021.??.??"]
[WhiteTeam "SV Erkenschwick 2"]
[BlackTeam "SC Gerthe - Werne 1"]

1. c4 Nf6 2. Nf3 g6 3. Nc3 Bg7 4. e4 O-O 5. d4 d6 6. Be2 e5 7. dxe5 dxe5 8.
Qxd8 Rxd8 9. Nd5 Nxd5 10. cxd5 c6 11. Bc4 b5 12. Bb3 Bb7 13. Bg5 Rd7 14. Rc1 h6
15. Be3 a5 16. O-O a4 17. dxc6 Nxc6 18. Bd5 Nd4 19. Bxb7 Rxb7 20. Bxd4 exd4 21.
Ne1 Re8 22. Nd3 Rbe7 23. f3 f5 24. exf5 Re3 25. Rfd1 gxf5 26. Kf1 Be5 27. Nxe5
R8xe5 28. Rxd4 Kf7 29. Rcd1 Kf6 30. Rd5 f4 31. Rxe5 Kxe5 32. Rd8 b4 33. Rb8 b3
34. Rb5+ Kd6 35. axb3 axb3 36. Kf2 Kc6 37. Rb4 Rd3 38. Ke2 1-0

[Event "SC Gerthe - Werne 1 - SV Erkenschwick 2"]
[Site "Verbandsliga - Gruppe 1 2021/"]
[Date "2021.11.14"]
[Round "2.4"]
[White "Loeffelbein, Klaus"]
[Black "Jungbluth, Rolf"]
[Result "1-0"]
[WhiteElo "1796"]
[BlackElo "1977"]
[PlyCount "83"]
[EventDate "2021.??.??"]
[WhiteTeam "SC Gerthe - Werne 1"]
[BlackTeam "SV Erkenschwick 2"]

1. d4 d5 2. c4 e6 3. Nf3 Nf6 4. cxd5 exd5 5. Nc3 c6 6. Bg5 Be7 7. e3 O-O 8. Qc2
Nbd7 9. Bd3 Re8 10. O-O Nf8 11. Ne5 N6d7 12. Bxe7 Qxe7 13. Nxd7 Bxd7 14. Rab1
g6 15. b4 Qd6 16. Rfd1 Rac8 17. Qb3 Be6 18. Qb2 f5 19. Qd2 Nd7 20. Na4 b6 21.
Rdc1 Rf8 22. g3 h5 23. Nc3 h4 24. Ne2 Qe7 25. Nf4 Bf7 26. Rc2 hxg3 27. hxg3 Kg7
28. Rbc1 Qf6 29. Ba6 Rc7 30. Bb5 Nb8 31. Nd3 a6 32. Ba4 b5 33. Bb3 Qd6 34. Ne5
Be8 35. a3 Rh8 36. Qe2 g5 37. Qf3 Kf6 38. Bxd5 Rch7 39. Nxc6 g4 40. Qg2 Rh1+
41. Qxh1 Rxh1+ 42. Bxh1 1-0

[Event "SF Essen-Katernberg  3 - SV Bönen 1"]
[Site "Verbandsliga - Gruppe 1 2021/"]
[Date "2021.12.12"]
[Round "3.1"]
[White "Schlottmann, Fabian"]
[Black "Rosen, Willy"]
[Result "1-0"]
[WhiteElo "2298"]
[BlackElo "2114"]
[Annotator "daniel"]
[PlyCount "73"]
[EventDate "2021.??.??"]
[WhiteTeam "SV Bönen 1"]
[BlackTeam "SF Essen-Katernberg  3"]

1. d4 Nf6 2. Bg5 c5 3. Bxf6 exf6 4. e3 Qb6 5. Nc3 cxd4 6. Qxd4 Qxd4 7. exd4 Bb4
8. Nge2 d5 9. O-O-O Bxc3 10. Nxc3 Be6 11. g3 O-O 12. Bg2 Rd8 13. Ne2 Nc6 14. h4
Rac8 15. Nf4 Ne7 16. h5 Rc6 17. c3 b5 18. Bh3 Bxh3 19. Rxh3 f5 20. Re1 Kf8 21.
a3 a5 22. Nd3 Re6 23. Rhh1 Rdd6 24. Kd2 Rxe1 25. Rxe1 f6 $11 26. Nc5 Kf7 27.
Nb7 Ra6 28. Nd8+ Kf8 29. Ne6+ Kf7 30. Nc7 Rc6 31. Nxb5 Nc8 32. a4 g5 33. hxg6+
Kxg6 34. Re8 h5 35. b3 Nb6 36. f4 Kf7 37. Rb8 1-0

[Event "SF Essen-Katernberg  3 - SV Bönen 1"]
[Site "Verbandsliga - Gruppe 1 2021/"]
[Date "2021.12.12"]
[Round "3.2"]
[White "Krueger, Erich"]
[Black "Merz, Martin"]
[Result "1-0"]
[WhiteElo "2043"]
[BlackElo "1968"]
[PlyCount "37"]
[EventDate "2021.??.??"]
[WhiteTeam "SF Essen-Katernberg  3"]
[BlackTeam "SV Bönen 1"]

1. d4 Nf6 2. c4 e6 3. Nc3 Bb4 4. e3 O-O 5. a3 Bxc3+ 6. bxc3 b6 7. Bd3 Bb7 8. f3
Nh5 9. Ne2 Qh4+ 10. g3 Qh3 11. Kf2 Nf6 12. Nf4 Qh6 13. e4 g5 14. Ne2 Qg7 15. g4
d6 16. Ng3 Nbd7 17. h4 h6 18. hxg5 hxg5 19. Qd2 1-0

[Event "SF Essen-Katernberg  3 - SV Bönen 1"]
[Site "Verbandsliga - Gruppe 1 2021/"]
[Date "2021.12.12"]
[Round "3.3"]
[White "Fuest, Torsten"]
[Black "Gallas, Noel"]
[Result "1/2-1/2"]
[WhiteElo "1916"]
[BlackElo "1968"]
[PlyCount "70"]
[EventDate "2021.??.??"]
[WhiteTeam "SV Bönen 1"]
[BlackTeam "SF Essen-Katernberg  3"]

1. d4 Nf6 2. Bf4 c5 3. c3 Qb6 4. Qc1 cxd4 5. cxd4 Nc6 6. e3 d6 7. Nf3 Bf5 8.
Nc3 g6 9. d5 Nb4 10. Bb5+ Bd7 11. Bxd7+ Nxd7 12. O-O Nd3 13. Qc2 Nxf4 14. exf4
Bh6 15. g3 O-O 16. Rfe1 Rfe8 17. Re2 Rac8 18. Rae1 Kf8 19. f5 Qc5 20. Qe4 Qc4
21. Qb1 Nf6 22. fxg6 hxg6 23. Qd1 b5 24. Nd2 Bxd2 25. Qxd2 b4 26. Qh6+ Kg8 27.
Ne4 Nxe4 28. Rxe4 Qxa2 29. Rxb4 Rb8 30. Rxe7 Qxd5 31. Rh4 Qd1+ 32. Kg2 Qd5+ 33.
Kg1 Qd1+ 34. Kg2 Qd5+ 35. Kg1 Qd1+ 1/2-1/2

[Event "SF Essen-Katernberg  3 - SV Bönen 1"]
[Site "Verbandsliga - Gruppe 1 2021/"]
[Date "2021.12.12"]
[Round "3.4"]
[White "Sauer, Bernd"]
[Black "Moenkemeyer, Maik"]
[Result "1-0"]
[WhiteElo "1953"]
[BlackElo "1852"]
[PlyCount "133"]
[EventDate "2021.??.??"]
[WhiteTeam "SF Essen-Katernberg  3"]
[BlackTeam "SV Bönen 1"]

1. b4 d5 2. Bb2 Nf6 3. e3 Bf5 4. Nf3 e6 5. a3 Nbd7 6. Be2 Be7 7. d3 O-O 8. Nbd2
a6 9. O-O h6 10. c4 c5 11. Qb3 dxc4 12. Nxc4 cxb4 13. axb4 Nd5 14. e4 Nf4 15.
Nd4 Nxe2+ 16. Nxe2 Bg6 17. Nf4 Bh7 18. Rfe1 Bg5 19. Nh3 Bf6 20. d4 Rc8 21. Nd6
Rc7 22. Nf4 Nb6 23. e5 Bg5 24. Nd3 Bxd3 25. Qxd3 Nd5 26. Ba3 Rc3 27. Qe2 Qb6
28. b5 Ra8 29. Bc5 Qc7 30. bxa6 b6 31. Nb5 Qc6 32. Nxc3 Nxc3 33. Qd3 Nd5 34.
Bd6 b5 35. a7 Qb7 36. Bc5 Be7 37. Bxe7 Nxe7 38. Reb1 b4 39. Qa6 Qxa6 40. Rxa6
Nd5 41. Kf1 Kf8 42. Ke1 Ke7 43. Kd2 Kd7 44. Rd6+ Kc7 45. Rc1+ Nc3 46. Ra6 Kb7
47. Raa1 Rxa7 48. Rxa7+ Kxa7 49. Kd3 Kb7 50. Kc4 Nd5 51. Ra1 g5 52. g4 Kb8 53.
Rb1 Kc7 54. Rxb4 Nxb4 55. Kxb4 Kb6 56. Kc4 Kc6 57. h3 Kc7 58. Kc5 Kd7 59. Kb6
Ke7 60. Kc7 f5 61. gxf5 h5 62. fxe6 h4 63. d5 g4 64. d6+ Kxe6 65. d7 gxh3 66.
d8=Q h2 67. Qxh4 1-0

[Event "SF Essen-Katernberg  3 - SV Bönen 1"]
[Site "Verbandsliga - Gruppe 1 2021/"]
[Date "2021.12.12"]
[Round "3.5"]
[White "Wegner, Stephan"]
[Black "Nautsch, Werner"]
[Result "1-0"]
[WhiteElo "1753"]
[BlackElo "1937"]
[PlyCount "107"]
[EventDate "2021.??.??"]
[WhiteTeam "SV Bönen 1"]
[BlackTeam "SF Essen-Katernberg  3"]

1. e4 e6 2. d4 d5 3. Nc3 Nf6 4. e5 Nfd7 5. f4 c5 6. Nf3 Nc6 7. Be3 cxd4 8. Nxd4
Be7 9. Qd2 O-O 10. O-O-O a6 11. Qf2 Qc7 12. Nf3 b5 13. Kb1 Bb4 14. Bd3 f5 15.
Ne2 Be7 16. Ned4 Nxd4 17. Nxd4 Nc5 18. Nb3 Na4 19. h3 Bd7 20. g4 g6 21. Rdg1
Kh8 22. h4 Rg8 23. h5 gxh5 24. gxf5 exf5 25. e6 Rg6 26. Bd4+ Kg8 27. exd7 Qxd7
28. Rxh5 Rf8 29. Rxg6+ hxg6 30. Rh8+ Kf7 31. Qh2 Rxh8 32. Qxh8 Qe6 33. Qg7+ Ke8
34. Qe5 Kf7 35. Qxe6+ Kxe6 36. Kc1 g5 37. fxg5 Bxg5+ 38. Kd1 Bf6 39. Bxf6 Kxf6
40. Kc1 f4 41. Nd4 Kg5 42. c3 Nc5 43. Kd2 Kg4 44. Be2+ Kg3 45. Bf3 Ne4+ 46. Ke2
Kh4 47. Nf5+ Kh3 48. Ne7 Ng5 49. Bxd5 Kg4 50. Nc6 Kg3 51. Nd4 Nh7 52. Bb7 Ng5
53. b4 Nh3 54. Bxa6 1-0

[Event "SF Essen-Katernberg  3 - SV Bönen 1"]
[Site "Verbandsliga - Gruppe 1 2021/"]
[Date "2021.12.12"]
[Round "3.6"]
[White "Struck, Lasse"]
[Black "Volling, Andreas"]
[Result "1-0"]
[WhiteElo "1937"]
[BlackElo "1814"]
[PlyCount "49"]
[EventDate "2021.??.??"]
[WhiteTeam "SF Essen-Katernberg  3"]
[BlackTeam "SV Bönen 1"]

1. d4 d5 2. c4 c6 3. Nf3 Nf6 4. Qc2 e6 5. g3 Nbd7 6. Bg2 dxc4 7. Qxc4 Qa5+ 8.
Nbd2 Nb6 9. Qc2 Nbd5 10. O-O Be7 11. e4 Nb4 12. Qb1 c5 13. Nb3 Qb6 14. dxc5
Bxc5 15. Nxc5 Qxc5 16. Be3 Qc2 17. Nd4 Qxb1 18. Raxb1 O-O 19. a3 Nc6 20. Nxc6
bxc6 21. Rfd1 Bb7 22. Rd6 c5 23. f3 Rfc8 24. Rc1 Ne8 25. Rd7 1-0

[Event "SF Essen-Katernberg  3 - SV Bönen 1"]
[Site "Verbandsliga - Gruppe 1 2021/"]
[Date "2021.12.12"]
[Round "3.7"]
[White "Medger, Gernot"]
[Black "Jahrke, Jonas"]
[Result "1-0"]
[WhiteElo "1799"]
[BlackElo "1821"]
[Annotator "daniel"]
[PlyCount "95"]
[EventDate "2021.??.??"]
[WhiteTeam "SV Bönen 1"]
[BlackTeam "SF Essen-Katernberg  3"]

1. d4 Nf6 2. c4 c5 3. d5 b5 4. Nf3 g6 5. Qc2 bxc4 6. e4 Bg7 7. Bxc4 O-O 8. O-O
d6 9. h3 Ba6 10. Na3 Bxc4 11. Nxc4 e6 12. dxe6 fxe6 13. e5 Nd5 14. Bg5 Qd7 15.
Nxd6 Nc6 16. Nc4 Rxf3 17. gxf3 Nd4 18. Qe4 Rf8 19. Be3 Nxf3+ 20. Kg2 $11 Qc6
21. Kg3 Qc7 22. Rac1 Bxe5+ 23. Nxe5 Nxe5 24. f4 Rf5 25. fxe5 Rxe5 26. Bf4 Rxe4
27. Bxc7 Nxc7 28. Rxc5 Nd5 29. Rc8+ Kg7 30. Ra8 Ra4 31. a3 h5 32. Raf8 h4+ 33.
Kh2 Rd4 34. R8f7+ Kh6 35. b4 g5 36. Rxa7 Rd2+ 37. Kg1 Nf4 38. Rf3 Ne2+ 39. Kf1
Ng3+ 40. Ke1 Re2+ 41. Kd1 g4 42. Rxg3 hxg3 43. Kxe2 gxh3 44. Kf3 h2 45. Kg2 Kg5
46. b5 Kf4 47. b6 Ke3 48. Rh7 1-0

[Event "SF Essen-Katernberg  3 - SV Bönen 1"]
[Site "Verbandsliga - Gruppe 1 2021/"]
[Date "2021.12.12"]
[Round "3.8"]
[White "Gehrmann, Ulrich"]
[Black "Reinert, Holger"]
[Result "1-0"]
[WhiteElo "1886"]
[BlackElo "1545"]
[PlyCount "73"]
[EventDate "2021.??.??"]
[WhiteTeam "SF Essen-Katernberg  3"]
[BlackTeam "SV Bönen 1"]

1. e4 e6 2. d4 d5 3. Nd2 dxe4 4. Nxe4 Nd7 5. Bd3 Ngf6 6. Qe2 Be7 7. Nf3 O-O 8.
Bg5 h6 9. Bh4 Nd5 10. Bxe7 Qxe7 11. O-O-O Nf4 12. Qd2 Nxd3+ 13. Qxd3 c5 14.
Rhe1 cxd4 15. Qxd4 Nb6 16. Nd6 Qc7 17. Nb5 Qc6 18. Nc3 f6 19. Qd6 Qe8 20. Nd4
Nc4 21. Qc5 Ne5 22. Ndb5 b6 23. Qd6 Qf7 24. f4 Nc4 25. Qc6 e5 26. Qxa8 exf4 27.
Nd6 Nxd6 28. Rxd6 Qc7 29. Qd5+ Kh8 30. Nb5 Qb8 31. Rd8 Rxd8 32. Qxd8+ Kh7 33.
Re8 f3 34. Rh8+ Kg6 35. Qd3+ f5 36. Qxf3 Qe5 37. Qg3+ 1-0

[Event "SC Buer-Hassel 1 - Dortmunder SV 1"]
[Site "Verbandsliga - Gruppe 1 2021/"]
[Date "2021.12.12"]
[Round "3.1"]
[White "Zeldin, Leonid"]
[Black "Griebl, Joern"]
[Result "1/2-1/2"]
[WhiteElo "2058"]
[BlackElo "2169"]
[PlyCount "107"]
[EventDate "2021.??.??"]
[WhiteTeam "Dortmunder SV 1"]
[BlackTeam "SC Buer-Hassel 1"]

1. e4 c5 2. c3 Nf6 3. e5 Nd5 4. d4 cxd4 5. cxd4 Nc6 6. Nf3 g6 7. Nc3 Nxc3 8.
bxc3 Bg7 9. Be2 O-O 10. O-O d6 11. exd6 Qxd6 12. a4 b6 13. Ba3 Qd5 14. Nd2 Bb7
15. Bf3 Qd7 16. Re1 Rfe8 17. Rc1 Na5 18. Bb4 Bxf3 19. Qxf3 Nc6 20. Ba3 Rac8 21.
Nc4 Bf6 22. d5 Na5 23. Nxa5 bxa5 24. c4 Qxa4 25. c5 Kg7 26. c6 Qd4 27. Rb1 Rb8
28. Rxb8 Rxb8 29. g3 Qd2 30. Rd1 Qc2 31. Qd3 Qa4 32. Bc5 Rb3 33. Qe2 Rc3 34.
Bxa7 e6 35. dxe6 fxe6 36. Rd7+ Kf8 37. Qxe6 Rc1+ 38. Kg2 Qxc6+ 39. Qxc6 Rxc6
40. Rxh7 a4 41. Be3 Ra6 42. Bc5+ Kg8 43. Rd7 a3 44. Bxa3 Rxa3 45. h4 Kf8 46.
Kh3 Ke8 47. Rc7 Bd4 48. Rc2 Kf7 49. Kg4 Ra4 50. f4 Ra3 51. Rc7+ Kf8 52. Rc8+
Kg7 53. Rc7+ Kh6 54. Rc2 1/2-1/2

[Event "SC Buer-Hassel 1 - Dortmunder SV 1"]
[Site "Verbandsliga - Gruppe 1 2021/"]
[Date "2021.12.12"]
[Round "3.3"]
[White "Brockmann, Fabian"]
[Black "Wolff, Christoph"]
[Result "0-1"]
[WhiteElo "1932"]
[BlackElo "1978"]
[PlyCount "104"]
[EventDate "2021.??.??"]
[WhiteTeam "Dortmunder SV 1"]
[BlackTeam "SC Buer-Hassel 1"]

1. e4 c5 2. Nf3 d6 3. Bb5+ Nd7 4. c4 Ngf6 5. Nc3 g6 6. d4 cxd4 7. Qxd4 Bg7 8.
Bg5 O-O 9. Qd2 Nc5 10. Qe2 a6 11. Ba4 Nfxe4 12. Nxe4 Nxe4 13. Qxe4 Qa5+ 14. Bd2
Qxa4 15. O-O Bxb2 16. Qxe7 Bxa1 17. Rxa1 Qd7 18. Qf6 Qf5 19. Qd4 Qc5 20. Qf6
Qf5 21. Qd4 Be6 22. Bh6 f6 23. Bxf8 Rxf8 24. Qxd6 Bxc4 25. Qb4 Bd5 26. Nd4 Qe4
27. f3 Qe3+ 28. Kh1 Rc8 29. Re1 Rc1 30. Nc2 Rxe1+ 31. Nxe1 Qf2 32. h3 Qxa2 33.
Qe7 Bf7 34. Qxb7 Qa1 35. Qe4 a5 36. Kh2 Qe5+ 37. Qxe5 fxe5 38. Nc2 Kg7 39. Kg3
Kf6 40. Kf2 Ke6 41. Ke3 Kd5 42. Kd3 Kc5 43. Kc3 a4 44. Na3 g5 45. Nc2 Bd5 46.
Na3 h5 47. Nc2 h4 48. Ne1 Bc4 49. Nc2 Bd5 50. Ne1 e4 51. fxe4 Bxe4 52. Kd2 Kd4
0-1

[Event "SC Buer-Hassel 1 - Dortmunder SV 1"]
[Site "Verbandsliga - Gruppe 1 2021/"]
[Date "2021.12.12"]
[Round "3.4"]
[White "Wiechen, Ulrich"]
[Black "Wolff, Torsten"]
[Result "0-1"]
[WhiteElo "1934"]
[BlackElo "1863"]
[PlyCount "101"]
[EventDate "2021.??.??"]
[WhiteTeam "SC Buer-Hassel 1"]
[BlackTeam "Dortmunder SV 1"]

1. e4 c5 2. Nf3 d6 3. d4 cxd4 4. Nxd4 Nf6 5. Nc3 a6 6. f4 g6 7. Be2 Bg7 8. O-O
O-O 9. a4 Qc7 10. Be3 Nc6 11. Bf3 Re8 12. g4 Bxg4 13. Bxg4 Nxg4 14. Nd5 Qc8 15.
Nxc6 bxc6 16. f5 Nxe3 17. Nxe3 Bxb2 18. Ra2 Rb8 19. Kh1 Qb7 20. Qf3 Bf6 21.
fxg6 fxg6 22. c4 Rf8 23. Qg4 Qc8 24. Qg2 Qe6 25. Rc2 Bg7 26. Rg1 Bd4 27. Re2
Rf4 28. Rf1 Bxe3 29. Rxe3 Rxf1+ 30. Qxf1 Rf8 31. Qe2 Qe5 32. Kg2 Rb8 33. Qf1
Qg5+ 34. Rg3 Qd2+ 35. Kh1 Qc2 36. Re3 Rb2 37. Qg1 Rb1 38. Re1 Qxc4 39. a5 Rxe1
40. Qxe1 d5 41. exd5 Qxd5+ 42. Kg1 e5 43. h4 Qd4+ 44. Kg2 Qg4+ 45. Kh2 e4 46.
Qf2 Kg7 47. Qd4+ Kh6 48. Qf6 Qf5 49. Qxc6 Qf4+ 50. Kh1 Qxh4+ 51. Kg1 0-1

[Event "SC Buer-Hassel 1 - Dortmunder SV 1"]
[Site "Verbandsliga - Gruppe 1 2021/"]
[Date "2021.12.12"]
[Round "3.5"]
[White "Kantor, Daniel"]
[Black "Gritzan, Ulrich"]
[Result "1-0"]
[WhiteElo "1868"]
[BlackElo "1851"]
[PlyCount "81"]
[EventDate "2021.??.??"]
[WhiteTeam "Dortmunder SV 1"]
[BlackTeam "SC Buer-Hassel 1"]

1. e4 c5 2. Nf3 d6 3. d4 Nf6 4. Nc3 cxd4 5. Nxd4 Nc6 6. Be2 e6 7. Be3 Be7 8.
Qd2 Bd7 9. Ndb5 Nb4 10. O-O-O Bxb5 11. Nxb5 d5 12. exd5 Nfxd5 13. a3 a6 14.
axb4 axb5 15. Bxb5+ Kf8 16. c3 Qc7 17. Kb1 b6 18. Bd4 f6 19. Qe2 Qa7 20. Bc4
Nf4 21. Qe4 e5 22. Be3 g5 23. Bxb6 Qa1+ 24. Kc2 Qa4+ 25. Bb3 Qe8 26. h4 Qg6 27.
Qxg6 Nxg6 28. h5 Nf4 29. g3 Ra6 30. Be3 Ne6 31. Ra1 Rd6 32. Ra8+ Rd8 33. Rxd8+
Nxd8 34. g4 Bd6 35. f3 Ke7 36. Ra1 Nc6 37. b5 Nb8 38. Ra7+ Nd7 39. b6 Rd8 40.
Ba4 Ke6 41. Bxd7+ 1-0

[Event "SC Buer-Hassel 1 - Dortmunder SV 1"]
[Site "Verbandsliga - Gruppe 1 2021/"]
[Date "2021.12.12"]
[Round "3.6"]
[White "Semina, Svetlana"]
[Black "Koehler, Eckart"]
[Result "1-0"]
[WhiteElo "2103"]
[BlackElo "1878"]
[PlyCount "69"]
[EventDate "2021.??.??"]
[WhiteTeam "SC Buer-Hassel 1"]
[BlackTeam "Dortmunder SV 1"]

1. e4 c5 2. Nf3 Nc6 3. d4 cxd4 4. Nxd4 e5 5. Nb5 d6 6. c4 Nf6 7. N1c3 a6 8. Na3
g6 9. Be2 Bg7 10. O-O O-O 11. Nc2 Be6 12. Be3 Rc8 13. f3 Nd4 14. Nxd4 exd4 15.
Bxd4 Bxc4 16. Bxc4 Rxc4 17. Qd3 Rc6 18. Rad1 Nd7 19. f4 Bxd4+ 20. Qxd4 Qb6 21.
Qxb6 Nxb6 22. Rf2 Re8 23. Re2 Kg7 24. Kf2 Nc4 25. Nd5 Nb6 26. Nc3 Nc4 27. Rd3
f5 28. b3 Nb6 29. exf5 Rxe2+ 30. Nxe2 gxf5 31. Nd4 Rc1 32. Nxf5+ Kf6 33. Ne3
Ke6 34. g4 Rh1 35. Nf1 1-0

[Event "SC Buer-Hassel 1 - Dortmunder SV 1"]
[Site "Verbandsliga - Gruppe 1 2021/"]
[Date "2021.12.12"]
[Round "3.7"]
[White "Ackermann, Daniel"]
[Black "Strohmann, Andreas"]
[Result "0-1"]
[WhiteElo "1571"]
[BlackElo "1831"]
[PlyCount "46"]
[EventDate "2021.??.??"]
[WhiteTeam "Dortmunder SV 1"]
[BlackTeam "SC Buer-Hassel 1"]

1. e4 d5 2. exd5 Nf6 3. d4 Nxd5 4. c4 Nb6 5. Nc3 e5 6. dxe5 Qxd1+ 7. Kxd1 Nc6
8. Bf4 Be6 9. b3 O-O-O+ 10. Kc2 Bf5+ 11. Kb2 Bc5 12. f3 Rhe8 13. Nge2 Nxe5 14.
Ng3 Bd3 15. Bxe5 Bxf1 16. Rhxf1 Rxe5 17. Nge4 Bd4 18. Rad1 f5 19. Ng3 Re3 20.
Rc1 g6 21. Rfe1 Bxc3+ 22. Rxc3 Rxe1 23. Kc2 Rg1 0-1

[Event "SC Buer-Hassel 1 - Dortmunder SV 1"]
[Site "Verbandsliga - Gruppe 1 2021/"]
[Date "2021.12.12"]
[Round "3.8"]
[White "Lazarev, Vadim"]
[Black "Xu, Dehn"]
[Result "0-1"]
[WhiteElo "1814"]
[BlackElo "1410"]
[PlyCount "92"]
[EventDate "2021.??.??"]
[WhiteTeam "SC Buer-Hassel 1"]
[BlackTeam "Dortmunder SV 1"]

1. e4 e5 2. Nf3 Nf6 3. Nxe5 d6 4. Nf3 Nxe4 5. Nc3 Nxc3 6. bxc3 Be7 7. d4 d5 8.
Be2 Bf5 9. O-O O-O 10. Rb1 Nd7 11. Bf4 Nb6 12. Ne5 Bd6 13. Nd3 Bxd3 14. Bxd6
Bxe2 15. Qxe2 Qxd6 16. Rfe1 Qc6 17. Qd3 Rfe8 18. h3 Rxe1+ 19. Rxe1 Re8 20.
Rxe8+ Qxe8 21. Qg3 Qe7 22. h4 h6 23. h5 Nc4 24. Qg4 c6 25. Qg3 a6 26. a4 Na3
27. Qg4 Nc4 28. Qc8+ Kh7 29. g4 Nd6 30. Qb8 Ne4 31. c4 Qh4 32. Qf4 Qf6 33. Qe3
Qg5 34. Qf3 Nf6 35. Qd3+ Kg8 36. f3 dxc4 37. Qxc4 Nxh5 38. Qb3 b5 39. axb5 axb5
40. d5 cxd5 41. Qxb5 Qc1+ 42. Kg2 Qxc2+ 43. Kf1 Qd1+ 44. Kf2 Qd2+ 45. Kg1 Qe1+
46. Kh2 Qf2+ 0-1

[Event "SV Waltrop 1 - Bochumer SV 2"]
[Site "Verbandsliga - Gruppe 1 2021/"]
[Date "2021.12.12"]
[Round "3.1"]
[White "Wolter, Detlev"]
[Black "Eckert, Marius"]
[Result "0-1"]
[WhiteElo "2174"]
[BlackElo "2127"]
[PlyCount "118"]
[EventDate "2021.??.??"]
[WhiteTeam "Bochumer SV 2"]
[BlackTeam "SV Waltrop 1"]

1. d4 d5 2. c4 c6 3. Nc3 Nf6 4. e3 a6 5. Qc2 Bg4 6. b3 e6 7. Bd3 Nbd7 8. Bb2
Bd6 9. c5 Bc7 10. f4 a5 11. Nf3 Bxf3 12. gxf3 b6 13. cxb6 Nxb6 14. Na4 O-O 15.
Nxb6 Bxb6 16. Ba3 Re8 17. Rc1 Nh5 18. O-O Rc8 19. Kh1 g6 20. Ba6 Rc7 21. Bc5
Bxc5 22. Qxc5 Qh4 23. Kg1 g5 24. Rc2 gxf4 25. Qd6 Rce7 26. Rg2+ Kh8 27. Rg4 Qf6
28. exf4 Qxd4+ 29. Kh1 Qc3 30. Rh4 Ng7 31. Qe5 Qxe5 32. fxe5 Nf5 33. Ra4 Ra7
34. Bd3 Ne7 35. Rc1 Rc8 36. Rc5 Rca8 37. Rh4 Ng6 38. Bxg6 fxg6 39. Rxc6 Re7 40.
Ra4 Rf8 41. Rc3 Rf5 42. Re3 Rc7 43. Re2 Rc5 44. Kg2 Kg7 45. f4 g5 46. fxg5
Rxg5+ 47. Kf3 Kg6 48. Re3 Rc2 49. h4 Rgg2 50. Rg4+ Rxg4 51. Kxg4 h5+ 52. Kf4
Rf2+ 53. Kg3 Rf1 54. Kg2 Rf4 55. Kg3 Kf5 56. Rc3 Rg4+ 57. Kf3 Kxe5 58. Rc5 a4
59. bxa4 Rxa4 0-1

[Event "SV Waltrop 1 - Bochumer SV 2"]
[Site "Verbandsliga - Gruppe 1 2021/"]
[Date "2021.12.12"]
[Round "3.2"]
[White "Gasper, Joern"]
[Black "Hinkmann, Jens"]
[Result "1-0"]
[WhiteElo "2084"]
[BlackElo "1988"]
[PlyCount "75"]
[EventDate "2021.??.??"]
[WhiteTeam "SV Waltrop 1"]
[BlackTeam "Bochumer SV 2"]

1. e4 e5 2. Nf3 Nc6 3. Bc4 Nf6 4. d3 d5 5. exd5 Nxd5 6. O-O Bc5 7. Re1 O-O 8.
Nxe5 Qh4 9. Nf3 Qxf2+ 10. Kh1 Nf6 11. c3 Bg4 12. Nbd2 Bxf3 13. Nxf3 Ng4 14. d4
Bd6 15. Bg5 Qxb2 16. Qb3 Qxb3 17. axb3 h6 18. Bd2 a6 19. h3 Nf6 20. Ne5 Nb8 21.
Ng6 Rd8 22. Ne7+ Kf8 23. Nf5 Nbd7 24. Re2 Re8 25. Rae1 Rxe2 26. Rxe2 Re8 27.
Nxd6 Rxe2 28. Bxe2 cxd6 29. Bf3 b6 30. Kg1 Ke7 31. Kf2 h5 32. c4 a5 33. Bg5 Ke6
34. Ke3 g6 35. Bc6 Nf8 36. Kf4 N8d7 37. d5+ Ke7 38. Bxd7 1-0

[Event "SV Waltrop 1 - Bochumer SV 2"]
[Site "Verbandsliga - Gruppe 1 2021/"]
[Date "2021.12.12"]
[Round "3.3"]
[White "Goralski, Christian"]
[Black "Atali, Dogukan"]
[Result "1-0"]
[WhiteElo "1920"]
[BlackElo "1921"]
[PlyCount "39"]
[EventDate "2021.??.??"]
[WhiteTeam "Bochumer SV 2"]
[BlackTeam "SV Waltrop 1"]

1. e4 e6 2. d4 d5 3. Nd2 c5 4. exd5 Qxd5 5. Ngf3 cxd4 6. Bc4 Qd7 7. O-O Nc6 8.
Nb3 Nf6 9. Nbxd4 Nxd4 10. Nxd4 a6 11. Bg5 b5 12. Bb3 Bc5 13. c3 Bb7 14. Bxf6
gxf6 15. Bxe6 fxe6 16. Qh5+ Qf7 17. Qxc5 Rg8 18. f3 Qd7 19. Nxe6 Kf7 20. Qh5+
1-0

[Event "SV Waltrop 1 - Bochumer SV 2"]
[Site "Verbandsliga - Gruppe 1 2021/"]
[Date "2021.12.12"]
[Round "3.4"]
[White "Winterberg, Andreas"]
[Black "Peters, Olaf"]
[Result "1/2-1/2"]
[WhiteElo "1978"]
[BlackElo "1914"]
[PlyCount "52"]
[EventDate "2021.??.??"]
[WhiteTeam "SV Waltrop 1"]
[BlackTeam "Bochumer SV 2"]

1. e4 c5 2. Nf3 Nc6 3. Bb5 g6 4. O-O Bg7 5. Re1 e5 6. Bxc6 bxc6 7. d3 d6 8. Nc3
Ne7 9. Be3 f5 10. exf5 Nxf5 11. Bg5 Qc7 12. Ne4 O-O 13. c3 Rb8 14. Qc2 h6 15.
Bc1 Be6 16. b3 Rbe8 17. Bb2 g5 18. Rad1 g4 19. Nfd2 Qf7 20. Nf1 Qg6 21. Nfg3 h5
22. Nxf5 Bxf5 23. Ng3 h4 24. Nxf5 Rxf5 25. Bc1 Ref8 26. Rf1 Bh6 1/2-1/2

[Event "SV Waltrop 1 - Bochumer SV 2"]
[Site "Verbandsliga - Gruppe 1 2021/"]
[Date "2021.12.12"]
[Round "3.5"]
[White "Bautz, Volker"]
[Black "Drewes, Martin"]
[Result "1/2-1/2"]
[WhiteElo "1791"]
[BlackElo "1954"]
[PlyCount "62"]
[EventDate "2021.??.??"]
[WhiteTeam "Bochumer SV 2"]
[BlackTeam "SV Waltrop 1"]

1. d4 d5 2. Nf3 Nf6 3. Bf4 e6 4. e3 Bd6 5. Bxd6 Qxd6 6. c3 Nbd7 7. Bd3 O-O 8.
Nbd2 Re8 9. O-O e5 10. dxe5 Nxe5 11. Be2 Nxf3+ 12. Nxf3 Bf5 13. h3 h6 14. Qb3
c6 15. Rad1 Qc7 16. Bd3 Ne4 17. Qc2 Qe7 18. Nd4 Bg6 19. Rfe1 Qf6 20. f3 Nd6 21.
Bxg6 fxg6 22. Re2 Re7 23. Rde1 Rae8 24. Qd3 Re5 25. e4 dxe4 26. fxe4 Qe7 27.
Qg3 Kh7 28. Qf4 Qf6 29. Qg4 Nf7 30. Nf3 R5e7 31. Qg3 Ne5 1/2-1/2

[Event "SV Waltrop 1 - Bochumer SV 2"]
[Site "Verbandsliga - Gruppe 1 2021/"]
[Date "2021.12.12"]
[Round "3.6"]
[White "Breidenbach, Rolf"]
[Black "Hart, Klaus"]
[Result "0-1"]
[WhiteElo "1937"]
[BlackElo "1722"]
[PlyCount "100"]
[EventDate "2021.??.??"]
[WhiteTeam "SV Waltrop 1"]
[BlackTeam "Bochumer SV 2"]

1. d4 e6 2. Nf3 d5 3. Bf4 Nf6 4. e3 c5 5. c3 Nc6 6. Nbd2 Be7 7. Bd3 Nh5 8. Bg3
Nxg3 9. hxg3 cxd4 10. exd4 h6 11. O-O O-O 12. Re1 Bf6 13. Ne5 Nxe5 14. dxe5 Be7
15. Nf3 Qb6 16. Qe2 Bd7 17. g4 g6 18. Rad1 Kg7 19. Nd4 Rh8 20. Qd2 g5 21. Qe2
a6 22. Rd2 Bb5 23. Bxb5 axb5 24. a3 Ra4 25. Rd3 Rc4 26. Qf3 Kg6 27. g3 h5 28.
gxh5+ Rxh5 29. Kg2 Rc8 30. Rdd1 Rch8 31. Rh1 Qc7 32. Rxh5 Rxh5 33. Re1 Qc4 34.
Qe2 Qc8 35. Rh1 Rxh1 36. Kxh1 Qc4 37. Qc2+ Kg7 38. Kg2 b4 39. axb4 Bxb4 40. Qa4
Bc5 41. Qxc4 dxc4 42. Kf3 Bxd4 43. cxd4 b5 44. Ke4 b4 45. f4 Kg6 46. f5+ exf5+
47. Ke3 f4+ 48. gxf4 gxf4+ 49. Kxf4 c3 50. bxc3 b3 0-1

[Event "SV Waltrop 1 - Bochumer SV 2"]
[Site "Verbandsliga - Gruppe 1 2021/"]
[Date "2021.12.12"]
[Round "3.7"]
[White "Birkemeyer, Jan"]
[Black "Schmidt, Sebastian"]
[Result "0-1"]
[WhiteElo "1293"]
[BlackElo "1768"]
[PlyCount "104"]
[EventDate "2021.??.??"]
[WhiteTeam "Bochumer SV 2"]
[BlackTeam "SV Waltrop 1"]

1. d4 Nf6 2. Nf3 d5 3. e3 Bf5 4. c4 e6 5. Qb3 Qc8 6. Nc3 c6 7. Be2 Bd6 8. O-O
O-O 9. h3 h6 10. Ne5 Qc7 11. cxd5 exd5 12. Bd2 Bxe5 13. dxe5 Nfd7 14. Rac1 Qxe5
15. Na4 b5 16. Nc5 Nxc5 17. Rxc5 Bd7 18. Bc3 Qg5 19. Kh1 Na6 20. Bd4 Nxc5 21.
Bxc5 Rfe8 22. Bf3 Qh4 23. Kh2 a5 24. a3 g5 25. Bd6 Qc4 26. Qd1 Bf5 27. Bh5 Re6
28. Bc7 b4 29. f4 Qd3 30. Qa1 Ra7 31. Bb6 Ra6 32. Bd4 b3 33. fxg5 hxg5 34. Qe1
Qc2 35. Qg3 Ra8 36. Qxg5+ Bg6 37. Qh6 Qxg2+ 38. Kxg2 Be4+ 39. Kg3 Rxh6 40.
Bxf7+ Kh7 41. Kg4 Rf8 42. Bc5 Rb8 43. a4 Bg2 44. Rf4 Bxh3+ 45. Kf3 Be6 46. Bxe6
Rxe6 47. Rf7+ Kg6 48. Ra7 Rf6+ 49. Ke2 Rh8 50. Kd3 Rh2 51. Rxa5 Rc2 52. Ra6
Rxc5 0-1